00621nam a2200217 a 450000100060000000300080000600500170001400800410003103500200007203500190009204000320011104100080014304300120015108200310016310000290019424500580022326000690028130000200035065000130037065000200038376541BD-RjUL20211209082846.0191218r19541948enkbcf 000 0 eng d a(OCoLC)25439978 a(BD-RjUL)76765 aREBcREBdMYGdBD-RjULbeng aeng aa-ii--- 223a599.75540954bCOM 19541 aCorbett, Jimd1875-1955.14aThe man-eating leopard of Rudraprayag /cJim Corbett. aLondon;aNew York :bOxford Univ. Press,c1948 [impression 1954] a166 p.;c21 cm. 0aLeopard. 0aHuntingzIndia.